000 00567nam a22001817a 4500
005 20130924120148.0
010 _aENG-107934
020 _c1195.00
_a9788180387753
035 _aEN-91467
037 _bDBAD/PUB
082 _a000
100 _aRashid,M.A.
245 0 0 _aThe ultimate guide to the judicial services examination /
_cby M.A. Rashid
260 _aGurgaon
_bLexis Nexis
_c2013
270 _a14th Floor, Bldg. No.10, Tower-B, DLF Cyber City, Phase-II
_bGurgaon
_e122002
300 _aix,1836p.
_c26cm(pbk)
942 _2ddc
_cEN
_mRAS
_h000
999 _c77373
_d77373